Т. 3: Квантовая физика; Курс физики

Detalles Bibliográficos
Parent link:Курс физики: учебное пособие/ А. В. Астахов, Ю. М. Широков; под общ. ред. Ю. М. Широкова. Т. 3: Квантовая физика.— , 1977-
Idioma:ruso
Publicado: 1983
Subjects:
Formato: MixedMaterials Libro
KOHA link:https://koha.lib.tpu.ru/cgi-bin/koha/opac-detail.pl?biblionumber=88380

MARC

LEADER 00000nam2a2200000 4500
001 88380
005 20231101213610.0
035 |a (RuTPU)RU\TPU\book\94864 
090 |a 88380 
100 |a 20051224d1983 m y0rusy50 ca 
101 0 |a rus 
102 |a RU 
105 |a a j 001zy 
200 0 |a Т. 3: Квантовая физика 
210 |d 1983 
215 |a 240 с.  |c ил. 
320 |a Библиогр.: с. 238-240 
461 1 |0 (RuTPU)RU\TPU\book\96462  |t Курс физики  |o учебное пособие  |o в 3 т.  |f А. В. Астахов, Ю. М. Широков  |g под общ. ред. Ю. М. Широкова  |v Т. 3: Квантовая физика  |d 1977- 
606 |a Квантовая физика  |2 stltpush  |3 (RuTPU)RU\TPU\subj\42126  |9 61861 
610 1 |a физика 
610 1 |a квантовая механика 
610 1 |a уравнения Шрёдингера 
610 1 |a атомы 
610 1 |a электроны 
610 1 |a фотоны 
610 1 |a ядерная физика 
610 1 |a учебные пособия 
675 |a 530.145.6(075.8)  |v 3 
801 1 |a RU  |b 63413507  |c 20051224  |g PSBO 
801 2 |a RU  |b 63413507  |c 20180212  |g PSBO 
942 |c BK